00899cam a22002291 4500001001300000003000400013005001700017008004100034010001700075035001900092040002700111042001200138050002500150100002900175245019400204260004800398300004400446490010800490650002600598650002000624650002500644e 38000235 DLC20260227111227.0780623s1938 dcua f000 0 eng  ae 38000235  a(OCoLC)3998783 aDLCcNUtSUdOCoLCdDLC apremarc00aLC1045b.A25 no. 1931 aStier, Leslie G.,d1892-10aTraining for the painting and decorating trade,cby L. G. Stier. United States Department of the Interior, Harold L. Ickes, secretary. Office of education, J. W. Studebaker, commissioner. a[Washington,bU.S. Govt. print. off,c1938] av, 138 p.billus., col. charts.c23 cm.0 aU. S. Office of education. [Vocational education] bulletinvno. 193. Trade and industrial series no. 55 0aPainting, Industrial. 0aHouse painting. 0aTechnical education.